The Fantacy FigureArhist reference (Record no. 242437)

MARC details
000 -LEADER
fixed length control field 00321pam a2200145 a 4500
020 ## - INTERNATIONAL STANDARD BOOK NUMBER
Terms of availability
041 ## - LANGUAGE CODE
Language code of original
082 ## - DEWEY DECIMAL CLASSIFICATION NUMBER
Classification number 743.4
Item number EVA
100 ## - MAIN ENTRY--PERSONAL NAME
Personal name Peter Evans.
245 ## - TITLE STATEMENT
Title The Fantacy FigureArhist reference
Medium Textual Documents
250 ## - EDITION STATEMENT
Edition statement 2006.
260 ## - PUBLICATION, DISTRIBUTION, ETC.
Place of publication, distribution, etc. [s.l]:
Name of publisher, distributor, etc. Barrons.
300 ## - PHYSICAL DESCRIPTION
Extent 159:
Other physical details Hard.
930 ## - EQUIVALENCE OR CROSS-REFERENCE-UNIFORM TITLE HEADING [LOCAL, CANADA]
Uniform title 8647
Holdings
Withdrawn status Lost status Damaged status Not for loan Collection Home library Current library Date acquired Source of acquisition Cost, normal purchase price Total Checkouts Full call number Barcode Date last seen Date last checked out Copy number Price effective from Koha item type
          College of Fine Arts, Pune College of Fine Arts, Pune 15/03/2019 illustration 1445.06 1 743.4 EVA FAP-9786 18/12/2023 11/12/2023 1 07/03/2023 Book